Моята първа книга за българските празници и обичаи (Запис номер 204757)
[ съкратено ]
| 000 -Лидер | |
|---|---|
| Контролно поле с фиксирана дължина | 01804nam a2200433 c 4500 |
| 003 - Код на организацията, давaща контролен номер | |
| Контролно поле | BLK |
| 005 - Дата и час на последна редакция | |
| Контролно поле | 20250118141042.0 |
| 008 - Елементи от данни с фиксирана дължина | |
| fixed length control field | 180411b bul|||||r ||||||| ||bul|| |
| 010 ## - Наследен системен номер | |
| LC control number | KNG00214332000 |
| 020 ## - Международен стандартен номер на книга ISBN | |
| Международен стандартен номер на книга ISBN | 978-954-660-603-7 |
| -- | издат.: ПАН |
| 040 ## - Източник на каталожния запис | |
| Идентификатор на билиотеката - собственик на записа | BLK |
| 041 ## - Код за език | |
| Код за езика на текст/звукозапис или на отделно заглавие | Български |
| Код за езика КДБФ | Български |
| 072 #7 - Код за тематичната категория | |
| Код организация | bullib |
| Код за тематична категория | Н86 |
| Текст | Детска отраслова литература Н |
| 080 ## - УДК | |
| Текстов определител УДК | Етнология. Етнография. Нрави. Обичаи. Бит. Фолклористика. Вж и 572 ; 903 ; 904 |
| УДК код - определител по УДК | 39 |
| УДК определител | (497.2)(02.053.2) |
| УДК - код + определител | 39(497.2)(02.053.2) |
| 100 ## - Редна дума - Автор | |
| Автор | Манолов, Валери |
| Дати, свързани с автора | 1962 - |
| Пълна форма на името | Иванов, Валери Манолов |
| R(LIN) | 365245 |
| 139 ## - Редно поле | |
| Редна дума | Манолов, Валери |
| Авторски знак | Мано - М 27 |
| 245 10 - Сведения за заглавието | |
| Заглавие | Моята първа книга за българските празници и обичаи |
| Редно поле (дума) | Валери Манолов. |
| 257 ## - Страна на издаване | |
| Страна на създаване/издаване | България |
| 260 ## - Област на издателските данни | |
| -- | София |
| Име на издателя, разпространителя и проч. | ПАН |
| Година на издаване | 2015 |
| 300 ## - Физическа характеристика | |
| Страници | 16 с. |
| Илюстрации и др. | с цв. ил. |
| Размери/Мащаб | 28 см |
| 380 ## - Жанр | |
| Жанр | Детска отраслова лит. |
| 490 1# - СЕРИИ (Колекции) | |
| Име на серия | Поредица Моята първа книга за... |
| 650 #4 - Допълнително описание по предмет – тема | |
| Основно описание – тема или топоним | Празници, български |
| 9 (RLIN) | 243477 |
| 650 #4 - Допълнително описание по предмет – тема | |
| Основно описание – тема или топоним | Обреди и обичаи, български |
| 9 (RLIN) | 241811 |
| 650 #4 - Допълнително описание по предмет – тема | |
| Основно описание – тема или топоним | България - фолклористика |
| 9 (RLIN) | 274097 |
| 651 #4 - Допълнително описание по предмет - топоним | |
| Географско понятие | България |
| 9 (RLIN) | 241624 |
| 653 ## - Ключова дума – ненормативна | |
| Ключова дума | народни празници |
| 653 ## - Ключова дума – ненормативна | |
| Ключова дума | български обичаи |
| 653 ## - Ключова дума – ненормативна | |
| Ключова дума | народни обичаи |
| 653 ## - Ключова дума – ненормативна | |
| Ключова дума | литература за деца |
| 653 ## - Ключова дума – ненормативна | |
| Ключова дума | детска литература |
| 659 ## - Тематичен бюлетин | |
| Тематичен бюлетин | Н |
| 852 ## - Местоположение | |
| Форматна сигнатура | Цб ІІ 22103 |
| 856 4# - Електронен адрес и достъп | |
| Електронен формат | pdf - файл |
| Път до файла /url/ | |
| 856 4# - Електронен адрес и достъп | |
| Електронен формат | pdf - файл |
| Път до файла /url/ | |
| 942 ## - АРТИКУЛИ | |
| Вид на библиотечния материал | Книги |
| Скрит в OPAC | Не |
| Koha issues (borrowed), all copies | 10 |
| 944 ## - СЪЗДАВАНЕ И РЕДАКЦИЯ на ЗАПИСА | |
| Създаване/Редакция | Създаване |
| Дата на регистрацията/редакция | 17.11.2017 |
| Служител, извършил регистрацията/редакцията | 30570 |
| Статус, дата на статуса | Моника Янева |
| 944 ## - СЪЗДАВАНЕ И РЕДАКЦИЯ на ЗАПИСА | |
| Създаване/Редакция | Редакция |
| Дата на регистрацията/редакция | 23.11.2017 |
| Служител, извършил регистрацията/редакцията | Людмила_Стоянова |
| 999 ## - СИСТЕМНИ КОНТРОЛНИ НОМЕРА | |
| Koha biblionumber | 204757 |
| Koha biblioitemnumber | 204757 |
| Код за отписване | Код за изгубен артикул | Код за повреда | Коз за рестрикции | Код за отдаване | Артикулен № | Име на библиотеката - собственик | Име на библиотеката, в която се намира в момента | Статус (Текущо местоположение) | Дата на вписване в системата | Местоположение - отдел | Цена в лева | Инвентарен номер | Систематично азбучна сигнатура | Баркод | Номер на екземпляра | Цена в евро | Служебна бележка | Служебен тип на артикула | Източник на класификационната схема |
|---|---|---|---|---|---|---|---|---|---|---|---|---|---|---|---|---|---|---|---|
| Не е изгубен | Не е повреден | без рестрикции | заемане за дома | 352882 | Регионална библиотека "Любен Каравелов" Русе | Регионална библиотека "Любен Каравелов" Русе | Детски отдел | 2017-11-18 | Детски отдел | 2.03 | 120000816975 | ДН 39/М 27 | 120000816975 | 1 | 1.04 | Дост: Pk Вид: Ф N: 69031 Дата: 13.11.2017 | Книги | ||
| Не е изгубен | Не е повреден | без рестрикции | заемане за дома | 352883 | Регионална библиотека "Любен Каравелов" Русе | Регионална библиотека "Любен Каравелов" Русе | Детски отдел | 2017-11-18 | Детски отдел | 2.03 | 120000816976 | ДН 39/М 27 | 120000816976 | 2 | 1.04 | Дост: Pk Вид: Ф N: 69031 Дата: 13.11.2017 | Книги | ||
| Не е изгубен | Не е повреден | само за читалня | ползва се в читалня | 749197 | Регионална библиотека "Любен Каравелов" Русе | Регионална библиотека "Любен Каравелов" Русе | Хранилище | 2019-11-14 | Хранилище | 2.90 | Цб II 27176 | 120000837489 | 1.48 | Книги | Universal Decimal Classification |